000 00592nam a22001937a 4500
999 _c14845
_d14845
003 AR-CdUCM
008 190424b ||||| |||| 00| 0 spa d
020 _a978-607-404-826-1
040 _aMUNICIPALIDAD PROVINCIAL DEL CUSCO
_cBIBLIOTECA MUNICIPAL DEL CUSCO
082 _aPI / 590 /
_bS55
110 _ahe Clever Factory,Inc.
_933777
245 _aPrimates poderosos /
260 _aMéxico :
_bThe Clever Factory,Inc.
_c2013.
300 _bIlustraciones,
_c19 cm.
650 _aTextos infantiles
_933764
650 _aPrimates
_933778
942 _2ddc
_cLIBROS
945 _apjha
_d2019-04-25